De quels pays sont les champions olympiques 2026 ? - Statistiques

Statistiques générales
  • Ce quiz a été pris 48 fois
  • Le résultat moyen est 73 sur 116
Statistiques - réponses
Sport Épreuve Athlète(s) Nation % Correct
Biathlon 20km Individuel H Johan-Olav Botn Norvège
95%
Biathlon 15km Individuel F Julia Simon France
89%
Biathlon 10km Sprint H Quentin Fillon-Maillet France
89%
Biathlon Relais 4x7,5km H Fabien Claude, Émilien Jacquelin, Quentin Fillon-Maillet, Eric Perrot France
89%
Biathlon Relais 4x6km M Eric Perrot, Quentin Fillon-Maillet, Lou Jeanmonnot, Julia Simon France
89%
Biathlon 12,5km Départ Groupé F Océane Michelon France
86%
Biathlon Relais 4x6km F Camille Bened, Lou Jeanmonnot, Océane Michelon, Julia Simon France
86%
Bobsleigh Bob à deux H Johannes Lochner, Georg Fleischhauer Allemagne
84%
Bobsleigh Bob à quatre H Johannes Lochner, Thorsten Margis, Jorn Wenzel, Georg Fleischhauer Allemagne
84%
Hockey sur Glace Hommes Jeremy Swayman, Jackson LaCombe, Brady Tkachuk, Zach Werenski, Jack Eichel, JT Miller, Matt Boldy, Brock Faber, Noah Hanifin, VIncent Trocheck, Matthew Tkachuk, Dylan Larkin, Charlie McAvoy, Brock Nelson, Jake Oettinger, Auston Matthews, Connor Hellebuyck, Quinn Hughes, Jake Guentzel, Tage Thompson, Jaccob Slavin, Kyle Connor, Jake Sanderson, Jack Hughes, Clayton Keller États Unis
84%
Hockey sur Glace Femmes Lee Stecklein, Cayla Barnes, Caroline Harvey, Megan Keller, Rory Guilday, Haley Winn, Kirsten Simms, Laila Edwards, Kelly Pannek, Grace Zumwinkle, Hayley Scamurra, Britta Curl, Hilary Kinght, Tessa Janecke, Hannah Bilka, Joy Dunne, Alex Carpenter, Kendall Coyne, Taylor Heise, Ava McNaughton, Aerin Frankel, Gwyneth Philips, Abbey Murphy États Unis
84%
Biathlon 10km Poursuite F Lisa Vittozzi Italie
84%
Patinage Artistique Danse sur Glace M Guillaume Cizeron, Laurence Fournier-Beaudry France
81%
Biathlon 7,5km Sprint F Maren Kirkeeide Norvège
81%
Biathlon 15km Départ Groupé H Johannes Dale-Skjevdal Norvège
81%
Combiné Nordique Sprint par équipes H Andreas Skoglund, Jens Lurås Oftebro Norvège
78%
Luge Simple H Max Langenhan Allemagne
76%
Patinage Artistique Patinage Individuel F Alysa Liu États Unis
76%
Patinage Artistique Épreuve par équipes M Madison Chock, Evan Bates, Ellie Kam, Danny O'Shea, Alysa Liu, Ilia Malinin, Amber Glenn États Unis
76%
Combiné Nordique Petit Tremplin / 10km Individuel H Jens Lurås Oftebro Norvège
76%
Combiné Nordique Grand Tremplin / 10km Individuel H Jens Lurås Oftebro Norvège
76%
Curling Femmes Anna Hasselborg, Sara McManus, Agnes Knochenhauer, Sofia Scharback, Johanna Heldin Suède
76%
Luge Simple F Julia Taubitz Allemagne
73%
Curling Hommes Brad Jacobs, Marc Kennedy, Brett Gallant, Ben Hebert, Tyler Tardi Canada
73%
Patinage de Vitesse 3000m F Francesca Lollobrigida Italie
73%
Patinage de Vitesse 5000m F Francesca Lollobrigida Italie
73%
Patinage de Vitesse 1000m F Jutta Leerdam Pays Bas
73%
Bobsleigh Bob à deux F Laura Nolte, Deborah Levi Allemagne
70%
Luge Relais par équipes M Julia Taubitz, Tobias Wendl, Tobias Arlt, Max Langenhan, Dajana Eitberger, Magdalena Matschina Allemagne
70%
Patinage de Vitesse Poursuite par équipes H Davide Ghiotto, Andrea Giovannini, Michele Malfatti Italie
70%
Short Track Relais par équipes M Elisa Confortola, Arianna Fontana, Thomas Nadalini, Pietro Sighel, Chiara Betti Italie
70%
Saut à Ski Individuel Tremplin Normal F Anna Odine Strøm Norvège
70%
Saut à Ski Individuel Grand Tremplin F Anna Odine Strøm Norvège
70%
Patinage de Vitesse 500m F Femke Kok Pays Bas
70%
Patinage de Vitesse 1500m F Antoinette Rijpma-de-Jong Pays Bas
70%
Patinage de Vitesse Départ Groupé F Marijke Groenewoud Pays Bas
70%
Patinage de Vitesse 1500m H Nong Zhongyan Chine
68%
Short Track Relais 3000m F Choi Minjeong, Kim Gilli, Noh Do-hee, Shim Suk-hee Corée du Sud
68%
Ski de Fond Skiathlon 10km + 10km H Johannes Høsflot Klæbo Norvège
68%
Short Track 500m F Xandra Velzeboer Pays Bas
68%
Short Track 1000m F Xandra Velzeboer Pays Bas
68%
Short Track 1000m H Jens van 'T Wout Pays Bas
68%
Short Track 1500m H Jens van 'T Wout Pays Bas
68%
Short Track Relais 5000m H Teun Boer, Friso Emons, Jens van 'T Wout, Melle van 't Wout Pays Bas
68%
Biathlon 12,5km Poursuite H Martin Ponsiluoma Suède
68%
Curling Double M Isabella Wranaa, Rasmus Wranaa Suède
68%
Patinage Artistique Patinage en Couple M Riku Miura, Ryuichi Kihara Japon
65%
Ski de Fond Individuel 10km Libre H Johannes Høsflot Klæbo Norvège
65%
Ski de Fond Relais 4x7,5km F Kristin Austgulen Fosnæs, Karoline Simpson-Larsen, Astrid Øyre Slind, Heidi Weng Norvège
65%
Ski de Fond Relais 4x7,5km H Einar Hedegart, Emil Iversen, Johannes Høsflot Klæbo, Martin Løwstrøm Nyenget Norvège
65%
Ski de Fond 50km Classique H Johannes Høsflot Klæbo Norvège
65%
Ski de Fond Sprint Classique H Johannes Høsflot Klæbo Norvège
65%
Ski de Fond Sprint Libre par équipes H Einar Hedegart, Johannes Høsflot Klæbo Norvège
65%
Ski Acrobatique Saut Acrobatique F Xu Mengtao Chine
62%
Ski Acrobatique Saut Acrobatique H Wang Xindi Chine
62%
Snowboard Snowboard Slopestyle H Yiming Su Chine
62%
Bobsleigh Monobob F Elana Meyers-Taylor États Unis
62%
Ski Alpin Slalom F Mikaela Shiffrin États Unis
62%
Ski Alpin Slalom Géant F Federica Brignone Italie
62%
Ski Alpin Super-G F Federica Brignone Italie
62%
Snowboard Snowboard Halfpipe H Yūto Totsuka Japon
62%
Snowboard Snowboard Big Air F Kokomo Murase Japon
62%
Snowboard Snowboard Big Air H Kira Kimura Japon
62%
Ski de Fond Skiathlon 10km + 10km F Frida Karlsson Suède
62%
Ski de Fond 50km Classique F Ebba Andersson Suède
62%
Ski de Fond Sprint Classique F Linn Svahn Suède
62%
Ski de Fond Sprint Libre par équipes F Maja Dahlqvist, Jonna Sundling Suède
62%
Saut à Ski Individuel Tremplin Normal H Philipp Raimund Allemagne
59%
Ski Alpin Slalom Géant H Lucas Pinheiro Braathen Brésil
59%
Short Track 500m H Steven Dubois Canada
59%
Ski Acrobatique Bosses F Elizabeth Lemley États Unis
59%
Ski Alpin Descente F Breezy Johnson États Unis
59%
Ski Alpinisme Relais M Emily Harrop, Thibault Anselmet France
59%
Snowboard Snowboard Slopestyle F Mari Fukada Japon
59%
Ski de Fond Individuel 10km Libre F Frida Karlsson Suède
59%
Ski Alpin Descente H Franjo von Allmen Suisse
59%
Ski Alpin Slalom H Loïc Meillard Suisse
59%
Ski Alpin Super-G H Franjo von Allmen Suisse
59%
Ski Alpin Combiné Alpin par équipes H Tanguy Nef, Franjo von Allmen Suisse
59%
Ski Alpin Combiné Alpin par équipes F Katharina Huber, Ariane Rädler Autriche
57%
Snowboard Snowboard Halfpipe F Choi Ga-on Corée du Sud
57%
Patinage de Vitesse 500m H Jordan Stolz États Unis
57%
Patinage de Vitesse 1000m H Jordan Stolz États Unis
57%
Ski Alpinisme Sprint F Marianne Fatton Suisse
57%
Patinage de Vitesse Poursuite par équipes F Ivanie Blondin, Valérie Maltais, Isabelle Weidemann Canada
54%
Ski Acrobatique Freeski Halfpipe F Ailing Eileen Gu Chine
54%
Short Track 1500m F Kim Gilli Corée du Sud
54%
Patinage Artistique Patinage Individuel H Mikhail Shaidorov Kazakhstan
54%
Saut à Ski Par équipes M Anže Lanišek, Domen Prevc, Nika Prevc, Nika Vodan Slovénie
54%
Ski Acrobatique Ski Cross F Daniela Maier Allemagne
51%
Saut à Ski Super Team H Jan Hörl, Stephen Embacher Autriche
51%
Ski Alpinisme Sprint H Oriol Cardona Coll Espagne
51%
Ski Acrobatique Saut Acrobatique par équipes M Connor Curran, Kaila Kuhn, Christopher Lillis États Unis
51%
Patinage de Vitesse Départ Groupé H Jorrit Bergsma Pays Bas
51%
Saut à Ski Individuel Grand Tremplin H Domen Prevc Slovénie
51%
Ski Acrobatique Freeski Slopestyle F Mathilde Gremaud Suisse
51%
Ski Acrobatique Freeski Big Air F Megan Oldham Canada
49%
Luge Double F Andrea Voetter, Marion Oberhofer Italie
49%
Ski Acrobatique Ski Cross H Simone Deromedis Italie
49%
Ski Acrobatique Freeski Big Air H Tormod Frostad Norvège
49%
Ski Acrobatique Bosses en Parallèle F Jakara Anthony Australie
46%
Snowboard Slalom Géant Parallèle H Benjamin Karl Autriche
46%
Ski Acrobatique Bosses en Parallèle H Mikaël Kingsbury Canada
46%
Luge Double H Emanuel Rieder, Simon Kainzwaldner Italie
46%
Patinage de Vitesse 5000m H Sander Eitrem Norvège
46%
Ski Acrobatique Freeski Slopestyle H Birk Ruud Norvège
46%
Snowboard Slalom Géant Parallèle F Zuzana Maděrová République Tchèque
46%
Ski Acrobatique Bosses H Cooper Woods Australie
43%
Snowboard Snowboard Cross H Alessandro Hämmerle Autriche
43%
Ski Acrobatique Freeski Halfpipe H Alex Ferreira États Unis
43%
Patinage de Vitesse 10000m H Metodej Jilek République Tchèque
43%
Snowboard Snowboard Cross par équipes M Huw Nightingale, Charlotte Bankes Royaume Uni
43%
Skeleton Hommes Matt Weston Royaume Uni
35%
Snowboard Snowboard Cross F Josie Baff Australie
32%
Skeleton Femmes Janine Flock Autriche
32%
Skeleton Par équipes M Tabitha Soecker, Matt Weston Royaume Uni
32%
Aucun quiz correspondant
Distribution des résultats
% des personnes avec chaque résultat
Percentile par nombre de réponses
Votre historique - résultats
Vous n’avez pas pris ce quiz